[Event "GiuocoPiano"]
[Site "http://www.queenalice.com/game.php?id=436614"]
[Date "2008.7.21"]
[Round "-"]
[White "paulchess10"]
[Black "vinicapi"]
[Result "1-0"]
[WhiteElo "1931"]
[BlackElo "1642"]

1. e4 e5 2. Nf3 Nc6 3. Bc4 Bc5 4. c3 Nf6 5. d4 exd4 6. cxd4 Bb4+ 7. Nc3 Nxe4 8.
O-O Nxc3 9. bxc3 Bxc3 10. Qb3 Bxd4 11. Bxf7+ Kf8 12. Bg5 Bf6 13. Rfe1 Ne7 14.
Bh5 d5 15. Rad1 Bxg5 16. Nxg5 g6 17. Qf3+ Nf5 18. Rxd5 1-0

[Event "Eli e Paulo"]
[Site "http://www.queenalice.com/game.php?id=495931"]
[Date "2008.11.20"]
[Round "-"]
[White "paulchess10"]
[Black "elidionisio10"]
[Result "1-0"]
[WhiteElo "1923"]
[BlackElo "1945"]

1. Nf3 d5 2. c4 c6 3. b3 Nf6 4. Bb2 Bf5 5. g3 Nbd7 6. Bg2 Qc7 7. d4 e6 8. O-O
Be7 9. Nc3 O-O 10. Rc1 e5 11. cxd5 c5 12. Nh4 Bg4 13. dxe5 Qxe5 14. Qd2 a6 15.
Na4 Qd6 16. Rfe1 b5 17. Nc3 Rfe8 18. h3 Bh5 19. Nf5 Qb6 20. d6 Bf8 21. Bxa8 Rxa8
22. Nd5 Qd8 23. Qg5 h6 24. Nxh6+ Kh7 25. Nxf6+ Nxf6 26. Bxf6 Qxf6 27. Qxf6 gxf6
28. Nf5 Bg6 29. Rxc5 Rd8 30. Rd1 Bxf5 31. Rxf5 Kg6 32. Rfd5 f5 33. d7 Kf6 34. f4
Ke6 35. Re5+ Kf6 36. Re8 Be7 37. Rxd8 Bxd8 38. Rd6+ Ke7 39. Rxa6 Kxd7 40. Kf2
Ke7 41. Kf3 1-0

[Event "Defesa do "cinturão""]
[Site "http://www.queenalice.com/game.php?id=509806"]
[Date "2008.12.18"]
[Round "-"]
[White "Dcar"]
[Black "paulchess10"]
[Result "0-1"]
[WhiteElo "1549"]
[BlackElo "1910"]

1. Nf3 Nf6 2. g3 g6 3. Bg2 Bg7 4. O-O O-O 5. d3 d5 6. c3 c5 7. d4 cxd4 8. Nxd4
e5 9. Nf3 Nc6 10. Nbd2 e4 11. Nd4 Ne5 12. N2b3 b6 13. Nb5 Ba6 14. Bf4 Nc4 15.
N5d4 Nxb2 16. Qc2 Nc4 17. Nc6 Qd7 18. Ne5 Nxe5 19. Bxe5 Rac8 20. Rad1 Rfe8 21.
Bd4 Bb5 22. Nc1 Ba4 23. Nb3 Bxb3 24. axb3 Qc6 25. Bh3 Rc7 26. e3 Nh5 27. Qe2
Bxd4 28. cxd4 Qc2 29. Qb5 Nf6 30. Rc1 Qxc1 31. Rxc1 Rxc1+ 32. Kg2 Ra1 33. Qc6
Kg7 34. Bd7 Rd8 35. Bh3 h6 36. Qc3 Ra5 37. Kf1 Ne8 38. b4 Ra2 39. Bg4 Rd6 40. h4
Rf6 41. Be2 Nd6 42. Qb3 Ra1+ 43. Kg2 Re1 44. Qa2 b5 45. Bf1 Nc4 46. Qxa7 Nxe3+
47. fxe3 Rfxf1 48. Kh3 Rf2 49. Qb8 Rh1+ 50. Kg4 f5# 0-1

[Event "Challenge"]
[Site "http://www.queenalice.com/game.php?id=513326"]
[Date "2008.12.27"]
[Round "-"]
[White "paulchess10"]
[Black "fernando1971"]
[Result "0-1"]
[WhiteElo "1918"]
[BlackElo "2334"]

1. c4 e5 2. Nc3 Nc6 3. g3 Bb4 4. Bg2 Nf6 5. Nd5 Bc5 6. e3 O-O 7. Ne2 Nb4 8. Nxb4
Bxb4 9. a3 Be7 10. O-O d5 11. d4 dxc4 12. dxe5 Ng4 13. Qxd8 Rxd8 14. f4 Bc5 15.
Rf3 Rd1+ 16. Bf1 b6 17. Nc3 Re1 18. h3 Nxe3 19. Bxe3 Rxa1 20. Bxc5 bxc5 21. Kg2
Bb7 0-1

[Event "Challenge"]
[Site "http://www.queenalice.com/game.php?id=517867"]
[Date "2009.1.6"]
[Round "-"]
[White "paulchess10"]
[Black "AnaRothebarth"]
[Result "1/2-1/2"]
[WhiteElo "1912"]
[BlackElo "2186"]

1. c4 c5 2. Nc3 Nc6 3. Nf3 g6 4. e3 Bg7 5. d4 e6 6. Be2 Nge7 7. d5 Ne5 8. dxe6
dxe6 9. Qxd8+ Kxd8 10. Bd2 Nf5 11. O-O Ke7 12. Nxe5 Bxe5 13. Bf3 Rd8 14. Rad1
Rb8 15. Be1 Bd7 16. Ne4 b6 17. Bc3 Bxc3 18. Nxc3 a6 19. a3 Nd6 20. b3 f6 21. Ne4
Nf7 22. Nc3 Ne5 23. Be2 Nc6 24. h3 Na5 25. b4 Nb7 26. Rd2 Bc6 27. Rfd1 Rxd2 28.
Rxd2 Rd8 1/2-1/2

[Event "Challenge"]
[Site "http://www.queenalice.com/game.php?id=517869"]
[Date "2009.1.6"]
[Round "-"]
[White "paulchess10"]
[Black "Rafaelpimentel"]
[Result "0-1"]
[WhiteElo "1940"]
[BlackElo "2204"]

1. c4 Nf6 2. Nc3 e6 3. Nf3 b6 4. d4 Bb7 5. a3 Be7 6. d5 exd5 7. cxd5 d6 8. e4
Nbd7 9. Be2 O-O 10. O-O Re8 11. Nd4 Bf8 12. f3 g6 13. Bg5 Bg7 14. Qd2 a6 15.
Rac1 b5 16. Nd1 Rc8 17. Ne3 h6 18. Bh4 Ne5 19. Bg3 Qe7 20. Qc2 Nh5 21. Be1 Kh7
22. Bc3 c5 23. dxc6 Nxc6 24. Qd2 Bxd4 25. Bxd4 Nxd4 26. Qxd4 Nf4 27. Rce1 Qe5
28. Qxe5 dxe5 29. Kf2 Red8 30. Rc1 Rxc1 31. Rxc1 Rd2 32. Rc2 Nd3+ 33. Kf1 Rxc2
34. Nxc2 Nxb2 35. Nb4 Kg7 36. Kf2 f6 37. Kg3 Na4 38. Bd3 Kf7 39. Bc2 Nc5 40. Kf2
Ke6 41. Ke3 Kd6 42. Na2 a5 43. Nc3 Bc6 44. Kd2 b4 45. axb4 axb4 46. Nd1 Bd7 47.
Ne3 Be6 48. Kc1 b3 49. Bd1 Na4 50. Kb1 Kc5 51. h4 h5 52. Be2 Nc3+ 0-1

[Event "Inicio2009"]
[Site "http://www.queenalice.com/game.php?id=536422"]
[Date "2009.2.7"]
[Round "-"]
[White "paulchess10"]
[Black "Enxadrista_A"]
[Result "0-1"]
[WhiteElo "1916"]
[BlackElo "1887"]

1. c4 c5 2. Nc3 Nc6 3. Nf3 d6 4. d4 cxd4 5. Nxd4 Nf6 6. g3 Bd7 7. Bg2 g6 8. O-O
Bg7 9. Nxc6 Bxc6 10. e4 O-O 11. Be3 a6 12. Rc1 Rc8 13. b4 Bd7 14. Qe2 Be6 15. c5
dxc5 16. bxc5 Qa5 17. Rfd1 Bg4 18. f3 Be6 19. Nd5 Nxd5 20. exd5 Bd7 21. Qd2 Qxd2
22. Bxd2 Bd4+ 0-1

[Event "Inicio2009"]
[Site "http://www.queenalice.com/game.php?id=536441"]
[Date "2009.2.7"]
[Round "-"]
[White "marcosnatal"]
[Black "paulchess10"]
[Result "1/2-1/2"]
[WhiteElo "2162"]
[BlackElo "1899"]

1. d4 d5 2. c4 c6 3. Nc3 Nf6 4. Nf3 e6 5. Bg5 Nbd7 6. Bxf6 Nxf6 7. cxd5 exd5 8.
e3 Bd6 9. Bd3 O-O 10. Qc2 Bg4 11. Ne5 h6 12. O-O Re8 13. f4 c5 14. Bb5 Re7 15.
Nxg4 Nxg4 16. Nxd5 Nxe3 17. Nxe3 Rxe3 18. d5 a6 19. Bd3 Qf6 20. Rad1 Bxf4 21. g3
Qg5 22. Rxf4 Rxg3+ 23. hxg3 Qxg3+ 24. Kh1 Qxf4 25. Bh7+ Kh8 26. Be4 Qh4+ 27. Kg2
Qg4+ 28. Kf2 Qh4+ 1/2-1/2

[Event ""inicio 2009""]
[Site "http://www.queenalice.com/game.php?id=536935"]
[Date "2009.2.8"]
[Round "-"]
[White "paulchess10"]
[Black "Vjdom"]
[Result "1-0"]
[WhiteElo "1916"]
[BlackElo "1565"]

1. c4 e5 2. Nc3 d6 3. g3 Nh6 4. Bg2 c6 5. d4 Qf6 6. Nf3 Ng4 7. h3 Nxf2 8. Kxf2
d5 9. Bg5 Qf5 10. dxe5 Bc5+ 11. e3 O-O 12. cxd5 Rd8 13. Bxd8 Nd7 14. Na4 Nxe5
15. Nxc5 Bd7 16. e4 Qg6 17. Nxe5 Qd6 18. Ncxd7 Rxd8 19. dxc6 Qxd1 20. Raxd1 bxc6
21. Nf6+ gxf6 22. Rxd8+ Kg7 23. Nxc6 Kg6 24. Nxa7 h5 25. Bf3 f5 26. exf5+ Kg5
27. Be4 f6 28. h4+ Kh6 29. Rc1 Kg7 30. Rc7+ Kh6 31. Rh8# 1-0

[Event "AUTO-MASTER-1271"]
[Site "http://www.queenalice.com/game.php?id=859072"]
[Date "2010.11.15"]
[Round "1"]
[White "renzopieroni"]
[Black "paulchess10"]
[Result "0-1"]
[WhiteElo "1991"]
[BlackElo "1989"]

1. d4 Nf6 2. c4 e6 3. a3 d5 4. cxd5 exd5 5. Nc3 Bd6 6. Nf3 O-O 7. Bg5 c6 8. e3
Bf5 9. Bd3 Bxd3 10. Qxd3 Nbd7 11. O-O Qc7 12. Ne2 Rfe8 13. h3 h6 14. Bf4 Bxf4
15. Nxf4 Rac8 16. b4 a5 17. Ne2 b5 18. Nc1 Nb6 19. Nd2 axb4 20. axb4 Qd6 21. Qb3
Ra8 22. Nd3 Nc4 23. Qc2 Na3 24. Qb2 Nc4 25. Nxc4 dxc4 26. Nc5 Nd7 27. Nb7 Qc7
28. Nc5 Nxc5 29. dxc5 Red8 30. Rxa8 Rxa8 31. Rd1 Qa7 32. g3 Qa4 33. Qb1 c3 34.
Rc1 Rd8 35. Kg2 Qa3 36. Qc2 Qxb4 37. Qxc3 Qe4+ 38. Kg1 Rd3 39. Qc2 b4 40. Qb2 b3
41. Qe2 Qd5 42. Ra1 Rd2 43. e4 b2 44. Rb1 Qd4 45. Qe1 Rc2 46. Kg2 Rxf2+ 47. Kh1
Qxc5 48. Qg1 Qc2 49. Rd1 Qxe4+ 0-1

[Event "AUTO-MASTER-1271"]
[Site "http://www.queenalice.com/game.php?id=859073"]
[Date "2010.11.15"]
[Round "1"]
[White "paulchess10"]
[Black "renzopieroni"]
[Result "1-0"]
[WhiteElo "1971"]
[BlackElo "2009"]

1. c4 Nf6 2. d4 e6 3. Nf3 Be7 4. Nc3 d5 5. Bf4 c6 6. e3 O-O 7. Qc2 Nh5 8. Bg3
Bd7 9. Rc1 Nf6 10. Bd3 dxc4 11. Bxc4 h6 12. O-O Be8 13. Rfd1 Nbd7 14. e4 b5 15.
Bd3 Kh8 16. d5 exd5 17. exd5 Nxd5 18. Nxd5 cxd5 19. Bxb5 Nb6 20. Bc7 Qc8 21. Bf1
Qb7 22. Qe2 Bf6 23. Bd6 Rg8 24. Rc7 Qb8 25. Bg3 Qd8 26. b3 Bd7 27. Qa6 Be6 28.
Rxa7 Rxa7 29. Qxa7 Nc8 30. Qc5 Ne7 31. a4 Nf5 32. Bc7 Be7 33. Qc6 Qa8 34. Qxa8
Rxa8 35. a5 Bb4 36. a6 Nd6 37. Nd4 Nc8 38. Nc6 Bc5 39. b4 Bb6 40. Be5 Kg8 41. b5
Na7 42. Nxa7 Bxa7 43. Bc7 Rc8 44. b6 Rxc7 45. bxc7 Kf8 46. Re1 Bc8 47. Bb5 1-0

[Event "AUTO-MASTER-1271"]
[Site "http://www.queenalice.com/game.php?id=859088"]
[Date "2010.11.15"]
[Round "1"]
[White "paulchess10"]
[Black "Vonkinho"]
[Result "0-1"]
[WhiteElo "1979"]
[BlackElo "2171"]

1. c4 Nf6 2. d4 g6 3. Nc3 d5 4. Nf3 Bg7 5. Qb3 c6 6. Bf4 Qb6 7. Qxb6 axb6 8.
cxd5 cxd5 9. e3 O-O 10. Be2 Nc6 11. O-O Bf5 12. Bc7 Rfc8 13. Bxb6 Nb4 14. Bc5
Nd3 15. Bxd3 Bxd3 16. Rfd1 Be4 17. Ng5 e6 18. Be7 Bc2 19. Rd2 Ba4 20. Rc1 Bc6
21. Nf3 Ne4 22. Nxe4 dxe4 23. Ne5 Rxa2 24. Nxc6 Rxc6 25. Rcd1 Bf8 26. Bxf8 Kxf8
27. g3 Ke7 28. Kg2 Kd6 29. d5 exd5 30. Rxd5+ Ke6 31. R5d4 f5 32. Rb4 Rc2 33.
Rb6+ Ke5 34. Rb5+ Kf6 35. Rb6+ Kg5 36. Rb1 Rc7 37. h4+ Kg4 38. Rb4 Kh5 39. Rb5
Ra6 40. Kh3 Kh6 41. g4 fxg4+ 42. Kxg4 Rf6 43. Rf1 Rcf7 44. Kg3 Rf3+ 45. Kg2 R3f5
46. Rb4 Re5 47. Rd1 Kh5 48. Rdd4 Kxh4 49. Rxe4+ Rxe4 50. Rxe4+ Kg5 51. Kg3 h5
52. f4+ Kf6 53. Rb4 Re7 54. Kf3 Kg7 55. e4 Rd7 56. e5 Kf7 0-1

[Event "AUTO-MASTER-1271"]
[Site "http://www.queenalice.com/game.php?id=859089"]
[Date "2010.11.15"]
[Round "1"]
[White "Vonkinho"]
[Black "paulchess10"]
[Result "0-1"]
[WhiteElo "2202"]
[BlackElo "1936"]

1. d4 Nf6 2. c4 g6 3. Nc3 Bg7 4. e4 d6 5. f4 O-O 6. Nf3 c5 7. d5 e6 8. Be2 exd5
9. cxd5 Bg4 10. O-O Nbd7 11. h3 Bxf3 12. Bxf3 Re8 13. Re1 Rc8 14. Be3 a6 15. a4
Qa5 16. Qd2 Nb6 17. g4 Nc4 18. Qe2 Qb4 19. Bc1 b5 20. Qc2 Nxd5 21. Re2 Nxc3 22.
bxc3 Qxc3 23. Qxc3 Bxc3 24. Rb1 Bd4+ 25. Kg2 Rb8 26. axb5 Rxb5 27. Rxb5 axb5 28.
Rc2 Kg7 29. Be2 Rxe4 30. Bxc4 bxc4 31. Rxc4 d5 32. Rc2 c4 33. Kf3 c3 34. h4 Kf6
35. Ra2 Re1 36. Rc2 h5 37. gxh5 gxh5 38. Ba3 Rf1+ 39. Kg3 Rg1+ 40. Kf3 Kf5 41.
Bd6 Rg4 42. Ra2 Rxh4 43. Ra5 c2 0-1

[Event "AUTO-MASTER-1271"]
[Site "http://www.queenalice.com/game.php?id=859090"]
[Date "2010.11.15"]
[Round "1"]
[White "paulchess10"]
[Black "henriq19"]
[Result "1-0"]
[WhiteElo "1963"]
[BlackElo "1964"]

1. c4 Nf6 2. d4 e6 3. Nf3 c5 4. d5 Qc7 5. Nc3 Bd6 6. e4 Be5 7. Nb5 Qb6 8. Nxe5
O-O 9. Bf4 d6 10. Nf3 e5 11. Bg5 Nbd7 12. Qc2 a6 13. Nc3 Qa7 14. Be2 h6 15. Bh4
b5 16. cxb5 axb5 17. Nxb5 Qa5+ 18. Nd2 Ba6 19. Nxd6 Bxe2 20. Kxe2 Qa6+ 21. N6c4
Nh5 22. Rhe1 Nf4+ 23. Kf1 Qg6 24. Bg3 Nh5 25. Bxe5 f6 26. Bd6 Rfe8 27. Ne3 Nf4
28. Bxf4 Rac8 29. a4 Nb8 30. e5 Qxc2 31. Nxc2 fxe5 32. Bxe5 c4 33. Bxb8 Rxb8 34.
Rxe8+ Rxe8 35. Nxc4 Rc8 36. N2e3 Kf7 37. Nd6+ 1-0

[Event "AUTO-MASTER-1271"]
[Site "http://www.queenalice.com/game.php?id=859091"]
[Date "2010.11.15"]
[Round "1"]
[White "henriq19"]
[Black "paulchess10"]
[Result "1/2-1/2"]
[WhiteElo "1948"]
[BlackElo "1935"]

1. d4 Nf6 2. Nf3 d5 3. Bf4 e6 4. e3 c5 5. Be2 Nc6 6. c3 cxd4 7. exd4 Bd6 8. Bxd6
Qxd6 9. O-O O-O 10. Re1 Re8 11. Nbd2 Bd7 12. b3 e5 13. dxe5 Nxe5 14. Nxe5 Qxe5
15. Qc2 Rac8 16. Rac1 Bf5 17. Qb2 Ne4 18. Nf3 Qf6 19. Bb5 Re7 20. Bd3 Bg4 21.
Bxe4 dxe4 22. Nd4 Qg5 1/2-1/2

[Event "Challenge"]
[Site "http://www.queenalice.com/game.php?id=1507216"]
[Date "2017.12.9"]
[Round "-"]
[White "dnptrs"]
[Black "paulchess10"]
[Result "0-1"]
[WhiteElo "2163"]
[BlackElo "2009"]

1. d4 Nf6 2. Nf3 g6 3. g3 Bg7 4. Bg2 O-O 5. O-O d6 6. Re1 Bg4 7. Nbd2 Nc6 8. c3
Bxf3 9. Nxf3 e6 10. e4 Re8 11. e5 dxe5 12. Nxe5 Nxe5 13. Rxe5 Nd7 14. Re1 c5 15.
Bxb7 Rb8 16. Bc6 cxd4 0-1

[Event "Challenge"]
[Site "http://www.queenalice.com/game.php?id=1507218"]
[Date "2017.12.9"]
[Round "-"]
[White "paulchess10"]
[Black "dnptrs"]
[Result "1-0"]
[WhiteElo "2027"]
[BlackElo "2114"]

1. c4 Nf6 2. d4 e6 3. Nf3 c5 4. d5 d6 5. Nc3 e5 6. Bg5 h6 7. Bxf6 Qxf6 8. Ne4
Qd8 9. h3 f5 10. Ng3 Be7 11. e4 fxe4 12. Nxe4 O-O 13. Bd3 Nd7 14. O-O Nf6 15.
Re1 Nxe4 16. Bxe4 Qa5 17. Qc2 Bd7 18. Reb1 Rab8 19. a3 a6 20. b4 Qc7 21. bxc5
Qxc5 22. Nd2 Qxf2+ 23. Kh1 Bg5 24. Nf3 Qxc2 25. Bxc2 Bf4 26. Bb3 Bg3 27. a4 e4
28. Nd2 Rbe8 29. Bc2 Rf2 30. Nxe4 Rxc2 31. Nxg3 Re3 32. Rxb7 Rxg3 33. Rxd7 Rg6
34. Ra7 Rgxg2 35. Rxa6 Rh2+ 36. Kg1 Rcg2+ 37. Kf1 Rg3 38. Rxd6 Rgxh3 39. Rd8+
Kf7 40. Ra8 Rc3 41. Kg1 Rd2 42. Ra7+ Kg6 43. a5 Rg3+ 44. Kf1 Rh3 45. Kg1 Rc3 46.
Rc7 Kh7 47. Rf7 Rxc4 48. a6 Rg4+ 49. Kf1 Rh4 50. Ke1 Rhh2 51. a7 Rde2+ 52. Kf1
Ra2 53. Rxa2 Rxa2 54. Rb7 Kg6 55. d6 Kf6 56. d7 Ke7 57. d8=Q+ Kxd8 58. Rb8+ Ke7
59. a8=Q Rxa8 60. Rxa8 Kf6 61. Ra5 g5 62. Kf2 Kg6 63. Kf3 h5 64. Ke4 h4 65. Rf5
Kh6 66. Kf3 1-0

[Event "OS INCLIVEIS"]
[Site "http://www.queenalice.com/game.php?id=1507554"]
[Date "2017.12.11"]
[Round "-"]
[White "adelio"]
[Black "paulchess10"]
[Result "0-1"]
[WhiteElo "1579"]
[BlackElo "2005"]

1. d4 d5 2. e4 dxe4 3. Nc3 Nf6 4. f3 exf3 5. Nxf3 Nc6 6. Bc4 Bg4 7. h3 Bxf3 8.
Qxf3 Nxd4 9. Qxb7 Nxc2+ 10. Kf1 Nxa1 11. Bb5+ Nd7 12. Qc6 Nc2 13. Ne4 Nd4 14.
Qd5 Nxb5 15. Qxb5 e6 16. Bf4 Rb8 17. Qe2 Be7 18. Kf2 Nf6 19. Kf3 Nxe4 20. Kxe4
O-O 21. Rd1 Rb4+ 22. Kf3 Qb8 23. b3 Qb7+ 24. Kg3 Bd6 25. Rxd6 Rxf4 26. Rd3 Re4
27. Re3 Rxe3+ 28. Qxe3 Qb6 29. Qe1 Rd8 30. Kh2 Qd6+ 31. Kg1 Qd1 32. Qxd1 Rxd1+
33. Kh2 Rd2 34. a3 c5 35. b4 c4 36. a4 c3 37. b5 c2 38. a5 c1=Q 39. b6 axb6 40.
a6 Qa3 41. Kh1 Qxa6 42. Kh2 Qe2 43. Kg3 Qxg2+ 44. Kf4 g5+ 45. Ke5 Kg7 46. h4
Qd5# 0-1

[Event "OS INCLIVEIS"]
[Site "http://www.queenalice.com/game.php?id=1507555"]
[Date "2017.12.11"]
[Round "-"]
[White "paulchess10"]
[Black "adelio"]
[Result "1-0"]
[WhiteElo "2007"]
[BlackElo "1573"]

1. c4 e6 2. Nf3 Be7 3. Nc3 a6 4. g3 c5 5. Bg2 Nc6 6. O-O d6 7. d4 cxd4 8. Nxd4
h5 9. Nxc6 bxc6 10. Bxc6+ Bd7 11. Bxa8 Qxa8 12. Bf4 Bc6 13. Bxd6 Bh1 14. f3 Bxf3
15. exf3 Qa7+ 16. Kg2 Nf6 17. Bxe7 Qxe7 18. Qa4+ Nd7 19. Qxa6 O-O 20. Qa7 Re8
21. Rad1 Ne5 22. Qxe7 Rxe7 23. Rd8+ Kh7 24. b3 g5 25. Ne4 g4 26. Nf6+ Kg6 27.
fxg4 Nxg4 28. Nxg4 hxg4 29. Rg8+ Kh5 30. Ra8 f5 31. a4 Rh7 32. a5 Kg6 33. a6 e5
34. a7 e4 35. Rg8+ Kf6 36. a8=Q e3 37. Qf8+ Rf7 38. Rxf5+ Kxf5 39. Qxf7+ Ke4 40.
Rxg4+ Kd3 41. Qd5+ Kc3 42. b4 Kxb4 43. c5+ Kc3 44. Qd4+ Kb3 45. Qxe3+ Kb2 46.
Rc4 Ka2 47. Rc2+ Ka1 48. Qc1# 1-0